السلطنة الحفصية : تاريخها السياسي ودورها في المغرب الاسلامي

Bibliographic Details
Main Author: مطوي، محمد العروسي (Author)
Format: Book
Language:Arabic
Published: Bayrut : Dar al-Gharb al-Islami , 1986
Subjects:

MARC

LEADER 00000cam a2200000 7i4500
001 0000002302
005 20160310093000.0
008 021118 le i ara
090 0 0 |a DT321   |b .M3 1986 
100 1 |a مطوي، محمد العروسي ,   |e author 
245 1 2 |a السلطنة الحفصية :   |b تاريخها السياسي ودورها في المغرب الاسلامي   |c محمد العروس المطوي 
260 2 |a Bayrut :   |b Dar al-Gharb al-Islami ,   |c 1986 
300 |a 804 p . ;   |c 25 cm. 
504 |a Includes bibliographical references (p. 793-798) 
600 0 0 |a Hafsides 
650 0 |a Almohades 
651 0 |a Tunisia   |x History   |y 647-1516 
745 1 0 |a Saltanah al-Hafsiyah, tarikhuha al-siyasi wa-dawruha fi al-Maghrib al-Islami 
999 |a 1000044599   |b Book   |c OPEN SHELF (30 DAYS)   |e Gong Badak Campus 
999 |a 1000044600   |b Book   |c OPEN SHELF (30 DAYS)   |e Gong Badak Campus